Zack Snyder Movies - Statistics

General Stats
  • This quiz has been taken 55 times
    43 since last reset
  • The average score is 9 of 29
Answer Stats
Year Movie % Correct
2017 Justice League
92%
2013 Man of Steel
86%
2006 300
81%
2009 Watchmen
72%
2004 Dawn of the Dead
67%
2011 Sucker Punch
67%
2021 Army of the Dead
61%
2016 Batman V. Superman: Dawn of Justice
61%
2021 Zack Snyder's Justice League
56%
TBD Rebel Moon
47%
2017 Wonder Woman
36%
2016 Suicide Squad
31%
2021 The Suicide Squad
31%
2018 Aquaman
28%
2020 Wonder Woman 1984
28%
2021 Army of Thieves
25%
2014 300: Rise of an Empire
22%
TBD Justice League Part 2
8%
TBD Justice League Part 3
3%
2010 Legends of the Guardians: The Owls of Ga'Hoole
3%
TBD Planet of the Dead
3%
TBD Deadshot
0%
TBD Gotham City Sirens
0%
TBD Man of Steel II
0%
2002 Silence
0%
TBD The Fountainhead
0%
TBD Untitled DC Comics Film
0%
2011 Wonderland
0%
TBD Wonder Woman III
0%
No matching quizzes found
Score Distribution
Percent of People with Each Score
Percentile by Number Answered
Your Score History
You have not taken this quiz since the last reset